Hacienda pública (Record no. 142290)

MARC details
000 -LEADER
campo de control de longitud fija 00976nam a22002891i 4500
001 - NÚMERO DE CONTROL
campo de control 142290
003 - IDENTIFICADOR DE NÚMERO DE CONTROL
campo de control ES-MaACL
005 - FECHA Y HORA DE LA ÚLTIMA TRANSACCIÓN
campo de control 20250826051218.0
007 - CAMPO FIJO DE DESCRIPCIÓN FÍSICA--INFORMACIÓN GENERAL
campo de control de longitud fija t|
008 - DATOS DE LONGITUD FIJA--INFORMACIÓN GENERAL
campo de control de longitud fija 071004s1980 sp ||||0| spa d
016 7# - NÚMERO DE CONTROL DE UNA AGENCIA BIBLIOGRÁFICA NACIONAL
Número de control cancelado/no válido IND2000946716
020 ## - NÚMERO INTERNACIONAL ESTÁNDAR DEL LIBRO
Número Internacional Estándar del Libro 84-7196-296-9
040 ## - FUENTE DE CATALOGACIÓN
Centro catalogador/agencia de origen M-BN
Lengua de catalogación spa
Centro/agencia transcriptor CDM
080 ## - NÚMERO DE LA CLASIFICACIÓN DECIMAL UNIVERSAL
Número de la Clasificación Decimal Universal 336(02)
100 1# - ENTRADA PRINCIPAL--NOMBRE DE PERSONA
Nombre de persona Winfrey, John C.
9 (RLIN) 117076
245 10 - MENCIÓN DEL TÍTULO
Título Hacienda pública
Resto del título : elecciones colectivas y la economía pública /
Mención de responsabilidad, etc. John C. Winfrey... ; estudio introductorio, prof. Ricardo Calle Saiz ; [traductor del inglés, José Alberto Parejo Gamir].
260 ## - PUBLICACIÓN, DISTRIBUCIÓN, ETC.
Lugar de publicación, distribución, etc. Madrid :
Nombre del editor, distribuidor, etc. Instituto de Estudios Fiscales,
Fecha de publicación, distribución, etc. 1980.
300 ## - DESCRIPCIÓN FÍSICA
Extensión 779 p. ;
Dimensiones 24 cm.
500 ## - NOTA GENERAL
Nota general Indices.
504 ## - NOTA DE BIBLIOGRAFÍA, ETC.
Nota de bibliografía, etc. Bibliografía: p. 23-32.
650 #7 - PUNTO DE ACCESO ADICIONAL DE MATERIA--TÉRMINO DE MATERIA
Término de materia o nombre geográfico como elemento de entrada Hacienda pública
Fuente del encabezamiento o término embne
9 (RLIN) 13279
700 1# - ENTRADA AGREGADA--NOMBRE PERSONAL
Nombre de persona Parejo Gámir, José Alberto.
9 (RLIN) 89073
700 0# - ENTRADA AGREGADA--NOMBRE PERSONAL
Nombre de persona Calle Sáiz, Ricardo.
9 (RLIN) 33708
852 ## - LOCALIZACIÓN
Ubicación ES-MaACL
Número de control de estantería L-381
Sublocalización o colección R.101125
Holdings
Estatus retirado Estado de pérdida Estado de daño No para préstamo Biblioteca de origen Biblioteca actual Ubicación en estantería Fecha de adquisición Fuente de adquisición Total de préstamos Signatura topográfica completa Código de barras Visto por última vez Precio de reemplazo Tipo de ítem Koha
        Biblioteca del Ateneo de Madrid Biblioteca del Ateneo de Madrid Depósito 2 17/01/2008     L-381 1148053 23/02/2023 23/02/2023 Libro impreso